000 00292nam a2200145Ia 4500
100 _aRashid/M
250 _a3
942 _cBK
654 _apower
245 _aPower Electronics
260 _bPrentice Hall of India
_c2004
082 _a621.317
_bRAS
300 _a880
546 _aENGLISH
999 _c25030
_d25030